000 00291nam a22001337a 4500
008 171030b xxu||||| |||| 00| 0 eng d
020 _a9780070880580
041 _aeng
080 _a33
100 _a58
101 _aBUS
245 _aBUSINESS COMMUNICATION
_cLOCKER,K.O
942 _2udc
_cBK
999 _c36501
_d36501